000 00554nam a2200181Ia 4500
005 20250508155224.0
008 008 250505s9999 xx 000 0 eng d
037 _aTextual
040 _aFEDL
_beng
_cFEDL
041 _aeng
_2eng
084 _a371.335, NCE
_qFEDL
100 _aHarbans Singh Bhola
245 0 _aEffective use of display material in schools
260 _aNew Delhi, India
_bNational Council of Educational Research and Training
_c1963
300 _a44p.
942 _cTEXL
_h371.335, NCE
999 _c1355318
_d1355318